000 00338nam a2200133Ia 4500
005 20260328104310.0
008 260328s9999||||xx |||||||||||||| ||und||
100 _aArquitectos, MRV
245 0 _aEntre Atmósfera Y Esencias /
_cMRV Arquitectos
260 _bArquitectios,MRV
300 _a284 p.
650 _aARQUITECTURA
942 _cBK
999 _c10925
_d10925